Statistiques concernant Départements dont la plus grande ville ne dépasse pas 20 000 habitants

Cliquez ici pour prendre le quiz!

Statistiques générales

  • Ce quiz a été pris 160 fois
  • Le résultat moyen est 6 sur 8

Statistiques - réponses

Ville la plus peupléePopulationDépartement% Correct
Guéret12 734Creuse
95%
Mende12 318Lozère
89%
Annonay16 297Ardèche
78%
Pamiers15 659Ariège
74%
Cahors19 937Lot
71%
Le Puy-en-Velay19 215Haute-Loire
58%
Verdun16 942Meuse
57%
Vesoul14 914Haute-Saône
53%

Distribution des résultats

Percentile par nombre de réponses

% des personnes avec chaque résultat

Votre développement - résultats

Vous n’avez pas pris ce quiz